Instrumentos científicos modernos.
Guardado en:
| Formato: | |
|---|---|
| Series: | Todo ciencia
|
| Materias: | |
| Etiquetas: |
Agregar Etiqueta
Sin Etiquetas, Sea el primero en etiquetar este registro!
|
| LEADER | 00884ngm a22002295g 4500 | ||
|---|---|---|---|
| 001 | CEM.cems022019 | ||
| 008 | 130507b1993##################0###0#####d | ||
| 005 | 20240930161643.0 | ||
| 245 | 0 | 0 | |a Instrumentos científicos modernos. |
| 300 | |a 26'. | ||
| 490 | 0 | |a Todo ciencia | |
| 500 | |a En soporte VHS, consultar en ventanilla. | ||
| 538 | |a Soporte: VHS - Norma: Pal N - Color - Grabación DRD 1993 - Hitachi=2535. | ||
| 505 | 0 | |a Telescopios: su evolución. El telescopio de mercurio: funcionamiento y formas de uso. Evolución del microscopio: distintos tipos. Microscopio electrónico. Análisis cromatográfico. | |
| 082 | 5 | 3 | |/ CEA-2 |
| 653 | |a FISICA | ||
| 653 | |a INSTRUMENTOS CIENTIFICOS | ||
| 653 | |a TELESCOPIOS | ||
| 653 | |a MICROSCOPIOS | ||
| 653 | |a NIVEL PRIMARIO | ||
| 653 | |a NIVEL SECUNDARIO | ||
| 859 | |a CEMS |b BIB. CEMS - Depto. Recursos Didacticos |h 530 |i CEA-2 |k DRD |p 662.12 |t Ej.1 | ||
